| 000 | 00447nam a2200169 a 4500 | ||
|---|---|---|---|
| 005 | 20140412111324.0 | ||
| 008 | 001113s19uu xx 00 eng d | ||
| 020 | _a1-84079-028-8 | ||
| 050 |
_aER _bCl599 1998 |
||
| 100 | _aCowley, Joy | ||
| 245 |
_aClever happy monkey / _cJoy Cowley. |
||
| 260 |
_aOxon, UK : _bSterling, _c1998. |
||
| 300 | _a[8] p. ; ill. | ||
| 650 | _aMonkeys -- Stories | ||
| 650 | _aMonkeys -- Fiction | ||
| 999 |
_c104502 _d104502 |
||